000 00600nam a2200169Ia 4500
008 230917s9999||||xx |||||||||||||| ||und||
020 _cRS700
040 _e227595
_aMAIN
041 _aEnglish
082 _a891.433721 GB959A
100 _aगुप्त, भैरव प्रसाद
245 0 _aआशा कालिन्दी और रम्भा: तीन उपन्यास
260 _aइलाहाबाद
_bलोकभारती प्रकाशन
_c2014
300 _a487 पृ. p.
500 _a2080 13/08/2015 RKP15/3933 22/08/2015 Main Budget
942 _cBK
999 _c15508
_d15508